Paroles de Monsieur - Thomas Fersen - Statistiques

Statistiques générales
  • Ce quiz a été pris 72 fois
  • Le résultat moyen est 234 sur 302
Statistiques - réponses
Paroles % Correct
à
100%
a
100%
A
100%
c'
100%
de
100%
je
100%
Je
100%
l'
100%
Le
100%
le
100%
Monsieur
100%
Monsieur,
100%
s'
100%
est
97%
il
97%
Il
97%
son
97%
assassin
94%
assassin,
94%
Et
94%
et
94%
la
94%
Les
94%
les
94%
suis
94%
un
94%
des
91%
ma
91%
me
91%
quand
91%
Quand
91%
qui
91%
domestique
88%
domestique.
88%
sa
88%
Bois
84%
ce
84%
Dans
84%
dans
84%
jardin,
84%
peu
84%
cuisine.
81%
fais
81%
par
81%
pas
81%
ses
81%
Boulogne.
78%
bourdon.
78%
jardinier
78%
lui
78%
étrangle
75%
ne
75%
sous
75%
sur
75%
églantines.
72%
voisins
72%
barbe
69%
cafard
69%
chemin
69%
inconsolable,
69%
morose.
69%
passants
69%
semblable
69%
sympathique
69%
trouvent
69%
lèche
66%
leur
66%
Meudon
66%
66%
pour
66%
prochain
66%
roses,
66%
Allez
63%
allez
63%
chien
63%
cultive
63%
enfant
63%
mains,
63%
nénuphars.
63%
rassure.
63%
Vous
63%
aide
59%
cet
59%
comme
59%
dossier
59%
du
59%
hop
59%
Mais
59%
présence
59%
sonne
59%
soulèvent
59%
aveugle
56%
beugle,
56%
chronique.
56%
classe
56%
coup
56%
fois
56%
galure
56%
hélas!
56%
lorsque
56%
minuit
56%
paix
56%
rue.
56%
secouru
56%
serviteur.
56%
traverser
56%
une
56%
Voyez
56%
chauffeur.
53%
chez
53%
crime
53%
même
53%
place.
53%
balai
50%
bassin
50%
frime.
50%
moi
50%
Trois
50%
avec
47%
classerai
47%
jamais,
47%
lieu
47%
pendre
47%
perdre
47%
reprendre
47%
revient
47%
train
47%
Venise
47%
air
44%
chapeau
44%
honneur
44%
Nous
44%
prie
44%
vais
44%
valise,
44%
attendre
41%
donne
41%
fallait
41%
maison,
41%
pousse
41%
Prendra
41%
repos.
41%
votre
41%
y
41%
aux
38%
client
38%
diable
38%
Humblement
38%
lunatique.
38%
rentrons
38%
Car
31%
heures
31%
petites
31%
Sans
31%
anodin,
28%
éveiller
25%
soupçons,
25%
Aucun quiz correspondant
Distribution des résultats
% des personnes avec chaque résultat
Percentile par nombre de réponses
Votre historique - résultats
Vous n’avez pas pris ce quiz